000 004520000a22001810004500
999 _c48030
_d48030
001 826
003 CO-MdFUSB
005 20181024145336.0
008 181024b xxu||||| |||| 00| 0 eng d
040 _cCO-MdBIC
082 0 4 _a818HC F92r
245 1 0 _aFamous Stories from the Bible : Rebeccas Wedding
260 _aTokio : froebel kan co ltd.
300 _a[ 8 P.]
500 _aTexto de pasta dura
650 1 4 _aLiteratura Infantil
942 _cLGB